Регионална библиотека "Любен Каравелов" - Русе

Образователни игри (Запис номер 71675)

MARC детайли
000 -Лидер
Контролно поле с фиксирана дължина 01589nam a2200385 c 4500
003 - Код на организацията, давaща контролен номер
Контролно поле BLK
005 - Дата и час на последна редакция
Контролно поле 20211005111705.0
008 - Елементи от данни с фиксирана дължина
fixed length control field 180408b bul|||||r ||||||| ||bul||
010 ## - Наследен системен номер
LC control number KNG00076047000
020 ## - Международен стандартен номер на книга ISBN
Международен стандартен номер на книга ISBN 954-745-098-0
-- издат.: Регалия 6
040 ## - Източник на каталожния запис
Идентификатор на билиотеката - собственик на записа BLK
041 ## - Код за език
Код за езика на текст/звукозапис или на отделно заглавие Български
Код за езика КДБФ Български
080 ## - УДК
Текстов определител УДК Информатика в основното училище
УДК код - определител по УДК 372.868.13
УДК определител (076)(075.2)
УДК - код + определител 372.868.13(076)(075.2)
080 ## - УДК
Текстов определител УДК Основно образование
УДК код - определител по УДК 372.4
УДК определител :371.38(076)(075.2)
УДК - код + определител 372.4:371.38(076)(075.2)
100 1# - Редна дума - Автор
Автор Илиева, Весела
Авторска отговорност първи автор
R(LIN) 371339
139 ## - Редно поле
Редна дума Илиева, Весела и др.
Авторски знак Илие - И 52
245 10 - Сведения за заглавието
Заглавие Образователни игри
Редно поле (дума) Весела Илиева; съавт. Ивайло Огнянов Иванов.
257 ## - Страна на издаване
Страна на създаване/издаване България
260 ## - Област на издателските данни
-- София
Име на издателя, разпространителя и проч. Регалия 6
Година на издаване 2006
300 ## - Физическа характеристика
Страници 64 с.
Илюстрации и др. с ил.
Размери/Мащаб 20Х20 см
380 ## - Жанр
Жанр Обществени науки
490 1# - СЕРИИ (Колекции)
Име на серия Компютърът в началното училище
650 #4 - Допълнително описание по предмет – тема
Основно описание – тема или топоним ЕИМ - учебници за основни училища
9 (RLIN) 279518
650 #4 - Допълнително описание по предмет – тема
Основно описание – тема или топоним Приложни програми
9 (RLIN) 260648
650 #4 - Допълнително описание по предмет – тема
Основно описание – тема или топоним Дидактически игри - в основното училище
9 (RLIN) 295522
653 ## - Ключова дума – ненормативна
Ключова дума образование
653 ## - Ключова дума – ненормативна
Ключова дума дидактически игри
653 ## - Ключова дума – ненормативна
Ключова дума компютърни игри
700 1# - Други автори (авторска отговорност)
Лично име Иванов, Ивайло Огнянов
Автороска отговорност (Описва отношението между автора и произведението) съавт.
9 (RLIN) 295521
852 ## - Местоположение
Форматна сигнатура Цб 234610
856 4# - Електронен адрес и достъп
Електронен формат pdf - файл
Път до файла /url/
856 4# - Електронен адрес и достъп
Електронен формат pdf - файл
Път до файла /url/
942 ## - АРТИКУЛИ
Вид на библиотечния материал Книги
Скрит в OPAC Не
Koha issues (borrowed), all copies 1
944 ## - СЪЗДАВАНЕ И РЕДАКЦИЯ на ЗАПИСА
Създаване/Редакция Създаване
Дата на регистрацията/редакция 27.06.2007
Служител, извършил регистрацията/редакцията Наталия_Медовщикова
944 ## - СЪЗДАВАНЕ И РЕДАКЦИЯ на ЗАПИСА
Създаване/Редакция Редакция
Дата на регистрацията/редакция 31.10.2008
Служител, извършил регистрацията/редакцията
999 ## - СИСТЕМНИ КОНТРОЛНИ НОМЕРА
Koha biblionumber 71675
Koha biblioitemnumber 71675
Наличности
Код за отписване Код за изгубен артикул Код за повреда Коз за рестрикции Код за отдаване Артикулен № Име на библиотеката - собственик Име на библиотеката, в която се намира в момента Статус (Текущо местоположение) Дата на вписване в системата Местоположение - отдел Цена в лева Инвентарен номер Систематично азбучна сигнатура Баркод Номер на екземпляра Цена в евро Служебна бележка Служебен тип на артикула Източник на класификационната схема
  Не е изгубен Не е повреден без рестрикции ползва се в читалня 116987 Регионална библиотека "Любен Каравелов" Русе Регионална библиотека "Любен Каравелов" Русе Хранилище 2007-06-27 Хранилище 3.00 120000715005 Цб 234610 120000715005 1 1.53 Дост: Dp Вид: Д N: 5 Дата: 20.12.2006 Книги  
  Не е изгубен Не е повреден без рестрикции заемане за дома 116988 Регионална библиотека "Любен Каравелов" Русе Регионална библиотека "Любен Каравелов" Русе Детски отдел 2008-10-16 Детски отдел 4.00 120000730586 ДН 373.3.016/И 52 120000730586 2 2.05 Дост: Pk Вид: Ф N: 8704 Дата: 14.10.2008 Дата инв: 25.08.2015 Бележки инв: Д2015 Книги Universal Decimal Classification
Vip Innovations Ltd, Rousse, Bulgaria 2025